| 000 | 00876cam a22002411 4500 | ||
|---|---|---|---|
| 999 |
_c23324 _d23324 |
||
| 001 | 3113563 | ||
| 003 | BDDh-ASL | ||
| 005 | 20231015030227.0 | ||
| 008 | 760107s1964 nyub b 000 0 eng | ||
| 010 | _a 64014656 | ||
| 040 |
_aDLC _cWa _dDLC _dBDDh-ASL |
||
| 050 | 0 | 0 |
_aDS427 _b.I42 |
| 082 | 0 | 0 |
_a954.297 _bIKM |
| 100 | 1 |
_aIkram, S. M. _q(Sheikh Mohamad), _d1908-1973. |
|
| 245 | 1 | 0 |
_aMuslim civilization in India / _cby S. M. Ikram. Edited by Ainslie T. Embree. |
| 260 |
_aNew York: _bColumbia University Press, _c1964. |
||
| 300 |
_ax, 325 p. : _bmaps. _c25 cm. |
||
| 500 | _a"An abridgment of the author's fuller History of Muslim civilization in India and Pakistan (712-1858), published in Lahore in 1962." | ||
| 504 | _aBibliography: p. [308]-310. | ||
| 650 | 0 | _aIslamic civilization. | |
| 906 |
_a7 _bcbc _corignew _du _eocip _f19 _gy-gencatlg |
||
| 942 |
_2ddc _cBK |
||